| 000 | 00734nam a2200217Ia 4500 | ||
|---|---|---|---|
| 001 | 12352 | ||
| 003 | GE_BSU | ||
| 008 | 181216s||||||||xx |||||||||||||| ||und|| | ||
| 040 | _cGE_BSU | ||
| 080 | _a638.1+638.141.7 | ||
| 100 | _aფრანგულაშვილი,ვ.ს. | ||
| 245 | _aფუტკარი და მისი მოვლა. | ||
| 245 | _cპ/გ.რედ:ს.ჟღენტი; გამომშვები:გ.ქუნთელია. | ||
| 260 | _aთბილისი. | ||
| 260 | _bტექნიკა და შრომა. | ||
| 260 | _c1948 | ||
| 300 | _a46გვ;20სმ. | ||
| 300 | _bილ. | ||
| 653 | _aფუტკარი და მისი მოვლა. | ||
| 942 | _cBK | ||
| 999 |
_c45527 _d45527 |
||